| 000 | 00668nam a2200181 4500 | ||
|---|---|---|---|
| 999 |
_c17644 _d17644 |
||
| 008 | 221119b ||||| |||| 00| 0 eng d | ||
| 020 | _a9786218179882 | ||
| 082 |
_22022 _aDFil 647.94068 _bP212 |
||
| 100 |
_aParaiso, Mark Angelo Q. _946863 |
||
| 245 |
_aFront desk operation / _cMark Angelo Q. Paraiso and Angelie Marie L. Vizconde. |
||
| 260 |
_aManila : _bEdric Publishing House, _c©2022. |
||
| 300 |
_a91 pages : _billustrations ; _c25 cm. |
||
| 500 | _aIncludes bibliographical references. | ||
| 650 |
_aHotel front desk personnel. _943875 |
||
| 650 |
_aHotel management. _946864 |
||
| 700 |
_aVizconde, Angelie Marie L., _eauthor. _946805 |
||
| 942 |
_2ddc _cDFIL |
||